| 000 | 00591cam a2200217ua 4500 | ||
|---|---|---|---|
| 020 |
_a81-85240-48-5 _c125.00 |
||
| 041 |
_aeng _h |
||
| 082 |
_a627.5201 _bVAR/TH |
||
| 100 | _aVarshney, R.S. | ||
| 245 |
_aTheory and design of irrigation structures: Canal and storage works, Vol.II / _cR.S.Varshney. _hTextual Documents |
||
| 250 |
_a6 / _b. |
||
| 260 |
_aRoorkee : _bNem Chand And Bros , _c1993. |
||
| 300 | _a784 ; . | ||
| 365 | _a125.00 | ||
| 500 | _a19006-08-Scheme | ||
| 504 | _a | ||
| 942 | _cBK | ||
| 999 |
_c9022 _d9022 |
||